| 000 | 00559nam a22001697a 4500 | ||
|---|---|---|---|
| 005 | 20251108164102.0 | ||
| 008 | 250721s1994 xx 000 0 ara d | ||
| 082 | 1 | 4 | _a216,9242/عبد |
| 100 | 1 | _aالعبادي، عبد الله | |
| 245 | 1 | 0 | _aموقف الشريعة من المصارف الإسلامية المعاصرة / |
| 250 | _aط 2 | ||
| 264 | 1 |
_aالقاهرة : _bدار السلام للطباعة والنشر والتوزيع، _c1994. |
|
| 300 | _a404ص | ||
| 650 | 1 | 7 | _aالبنوك الإسلامية |
| 942 |
_2ddc _cBK |
||
| 999 |
_c3251 _d3251 |
||